00342nam a2200133Ia 4500003000400000005001700004008004100021040000700062041000800069082002100077100002600098245004500124260003900169OSt20230517113425.0210423s1982 xx 000 0 und d cAL aeng a362.1 223bBOSS aBOSE (Ashish);others. aSocial statistics: health and education. aNew DelhibW H Freeman & Co.c1982